Φορτώνει......

Local Planning: The Kerala Experiment

Λεπτομέρειες βιβλιογραφικής εγγραφής
Κύριος συγγραφέας: Richard W. Franke
Μορφή: Printed Book
Διαθέσιμο Online:http://10.26.1.76/ks/003253.pdf
LEADER 002990000a22000970004500
100 |a Richard W. Franke 
245 |a Local Planning: The Kerala Experiment 
856 |u http://10.26.1.76/ks/003253.pdf 
942 |c KS 
999 |c 72641  |d 72641 
952 |0 0  |1 0  |4 0  |7 0  |9 64605  |a MGUL  |b MGUL  |d 2015-08-01  |l 0  |r 2015-08-01  |w 2015-08-01  |y KS